| 000 | 00766nam a2200241 a 4500 | ||
|---|---|---|---|
| 001 | 64791 | ||
| 003 | BD-RjUL | ||
| 005 | 20211209081342.0 | ||
| 008 | 170222s1966 njub b 001 0 eng | ||
| 035 | _a(BD-RjUL)64921 | ||
| 040 |
_aDLC _cDLC _dBD-RjUL _beng |
||
| 041 | _aeng | ||
| 082 | 0 | 0 |
_a915.9 _223 _bCAT 1966 |
| 100 | 1 |
_aCady, John F. _q(John Frank), _d1901-1996. _9192121 |
|
| 245 | 1 | 0 |
_aThailand, Burma, Laos & Cambodia / _c[by] John F. Cady. |
| 260 |
_aEnglewood Cliffs, N.J., _bPrentice-Hall _cc1966 |
||
| 300 |
_aviii, 152 p. : _bill, ; _c21 cm. |
||
| 490 | 0 | _aThe Modern nations in historical perspective | |
| 490 | 0 | _aA Spectrum book. | |
| 500 | _aInclude index | ||
| 651 | 0 |
_aSoutheast Asia _xCivilization _xIndic influences. _9192122 |
|
| 942 |
_2ddc _cBK |
||
| 999 |
_c64791 _d64791 |
||